000 01076nam a2200229Ia 4500
001 L254-47423
003 IT-CnALBA
008 170116s9999||||xx |||||||||||||| ||und||
040 _aIT-CnALBA
_cIT-CnALBA
041 _aITALIANO
100 _aNARGI LIVIO
245 0 _aIL PANE DELLA MADONNA E LE ALTRE TRADIZIONI. CASTELVETERE SUL CALORE.
250 _a1a ed.
260 _a AVELLINO
_bNUOVA STAMPA TIP.
_c1985 [1° Ed.:1985 - Ed.Ling.Originale: 1985]
300 _a40 p.
500 _aPRESENTAZIONE DI PALAZZINI P. IL PANE DELLA MADONNA. IL DIGIUNO. LA DOMENICA DEL PURGATORIO. INCENDIO A CASTELVETERE (1759). PASQUETTA. RICORDI D'INFANZIA. SOTT'ALL'ANGELO.
501 _aSocietà San Paolo EM - Piazza San Paolo, 14 - 12051 ALBA (CN) (non commercial uses only) ® Copyright 2017
520 _aPRESENTAZIONE DI PALAZZINI P. IL PANE DELLA MADONNA. IL DIGIUNO. LA DOMENICA DEL PURGATORIO. INCENDIO A CASTELVETERE (1759). PASQUETTA. RICORDI D'INFANZIA. SOTT'ALL'ANGELO.
650 _aDIREZIONE E AMMINISTR. DELLA PARROCCHI
942 _cBK
957 _71
999 _a53683
_bNO
_g Copie: 1
_c306356
_d306356